[Event "15th ch-Euro Seniors 2015"]
[Site "Eretria GRE"]
[Date "2015.05.05"]
[Round "7.4"]
[White "Kasoshvili, Tsiala"]
[Black "Fernandes, Antonio"]
[Result "1/2-1/2"]
[WhiteTitle "WIM"]
[BlackTitle "GM"]
[WhiteElo "2179"]
[BlackElo "2369"]
[WhiteFideId "13600354"]
[BlackFideId "1900021"]
[EventDate "2015.04.29"]

1. d4 Nf6 2. Nf3 g6 3. g3 c5 4. c4 cxd4 5. Nxd4 d5 6. Bg2 e5 7. Nc2 d4 8. O-O
Nc6 9. e4 Be6 10. Nd2 Bg7 11. h3 O-O 12. b3 Nd7 13. Ne1 a5 14. Nd3 Nb4 15. Nf3
Nxd3 16. Qxd3 Nc5 17. Qe2 Qc7 18. Ba3 Rfd8 19. Rfd1 Bf8 20. Bxc5 Bxc5 21. Ne1 b6
22. Nd3 f6 23. Kh2 Ra7 24. a4 Bd6 25. Rf1 g5 26. Bf3 Qc8 27. Bg4 Re8 28. Qf3 Rf8
29. Rae1 Bxg4 30. hxg4 Re7 31. Kg2 Bb4 32. Rd1 h6 33. Rh1 Rh7 34. Rh5 Kg7 35.
Qe2 Bd6 36. Rc1 Bc5 37. Rf1 Bd6 38. Rfh1 Re8 39. Qf3 Qe6 40. Qf5 Rhh8 41. Qxe6 1/2-1/2

[Event "15th ch-Euro Seniors 2015"]
[Site "Eretria GRE"]
[Date "2015.05.05"]
[Round "7.5"]
[White "Petran, Peter"]
[Black "Chapman, Terry P D"]
[Result "1-0"]
[WhiteTitle "IM"]
[BlackTitle "FM"]
[WhiteElo "2352"]
[BlackElo "2268"]
[WhiteFideId "14900114"]
[BlackFideId "413399"]
[EventDate "2015.04.29"]

1. g3 Nf6 2. Bg2 g6 3. e4 d6 4. d4 Bg7 5. Nc3 O-O 6. Nge2 e5 7. h3 c6 8. a4 exd4
9. Nxd4 Na6 10. O-O Nb4 11. a5 Re8 12. Ra4 c5 13. Ndb5 d5 14. e5 Rxe5 15. Bf4
Re7 16. Bd6 Bf5 17. Rxb4 cxb4 18. Bxe7 Qxe7 19. Nxd5 Nxd5 20. Qxd5 Bxc2 21. a6
Bxb2 22. Qxb7 Re8 23. Nxa7 Qxb7 24. axb7 b3 25. Nc6 Bc3 26. Bd5 b2 27. Ba2 1-0

[Event "15th ch-Euro Seniors 2015"]
[Site "Eretria GRE"]
[Date "2015.05.06"]
[Round "8.1"]
[White "Petran, Peter"]
[Black "Sturua, Zurab"]
[Result "1/2-1/2"]
[WhiteTitle "IM"]
[BlackTitle "GM"]
[WhiteElo "2352"]
[BlackElo "2536"]
[WhiteFideId "14900114"]
[BlackFideId "13600095"]
[EventDate "2015.04.29"]

1. Nf3 Nf6 2. c4 g6 3. g3 Bg7 4. Bg2 O-O 5. O-O d5 6. cxd5 Nxd5 7. Nc3 Nc6 8.
Nxd5 Qxd5 9. d3 Qb5 10. Rb1 a5 11. Bd2 Be6 12. b3 Bd5 13. a4 Qa6 14. Re1 Rfd8
15. Qc1 Rd7 16. Bh3 Rd6 17. Bg2 Rc8 18. Bh3 Rcd8 19. Bg2 Qa8 20. Ng5 Bxg2 21.
Kxg2 Rd5 22. Nf3 R8d7 23. Qa3 e5 24. Qc1 Bf8 25. Qb2 Qe8 26. Bc3 Bh6 27. h4 f6
28. Qc2 Bf8 29. Nd2 Qe6 30. Nc4 Be7 1/2-1/2

[Event "15th ch-Euro Seniors 2015"]
[Site "Eretria GRE"]
[Date "2015.05.06"]
[Round "8.3"]
[White "Arkell, Keith C"]
[Black "Barle, Janez"]
[Result "1/2-1/2"]
[WhiteTitle "GM"]
[BlackTitle "IM"]
[WhiteElo "2509"]
[BlackElo "2347"]
[WhiteFideId "400270"]
[BlackFideId "14600021"]
[EventDate "2015.04.29"]

1. d4 d5 2. c4 e6 3. Nf3 c5 4. cxd5 exd5 5. Nc3 Nc6 6. g3 Nf6 7. Bg2 Be7 8. O-O
O-O 9. Bg5 cxd4 10. Nxd4 h6 11. Be3 Be6 12. Nxc6 bxc6 13. Na4 Qd7 14. Bd4 Bh3
15. Bxh3 Qxh3 16. Bxf6 Bxf6 17. Rc1 Rac8 18. b3 Rfe8 19. Qd3 Re5 20. Qf3 Rce8
21. e3 Rf5 22. Qg2 Qxg2+ 23. Kxg2 d4 24. exd4 Re2 25. Nc3 Rb2 26. Rcd1 Rc2 27.
Ne4 Rxa2 28. Rd3 Re2 29. Rf3 Rxf3 30. Kxf3 Rb2 31. Nxf6+ gxf6 32. Rc1 Rxb3+ 33.
Ke4 Rb6 34. Rc5 Kg7 35. h4 Kg6 36. Ra5 a6 37. Kd3 Rb2 38. h5+ Kg7 39. f3 Rb3+
40. Ke4 f5+ 41. Kf4 Rd3 42. Ra4 a5 43. Rc4 Kf8 44. g4 fxg4 45. fxg4 Ke7 46. Ke4
Rg3 47. Kf4 Rd3 48. Ke4 Rg3 49. Kf4 Rd3 50. Ke4 1/2-1/2

[Event "15th ch-Euro Seniors 2015"]
[Site "Eretria GRE"]
[Date "2015.05.06"]
[Round "8.4"]
[White "Fernandes, Antonio"]
[Black "Furman, Boris"]
[Result "1/2-1/2"]
[WhiteTitle "GM"]
[BlackTitle "FM"]
[WhiteElo "2369"]
[BlackElo "2217"]
[WhiteFideId "1900021"]
[BlackFideId "4107187"]
[EventDate "2015.04.29"]

1. d4 Nf6 2. c4 e6 3. g3 d5 4. Nf3 Bb4+ 5. Bd2 a5 6. Qc2 O-O 7. Bg2 Nc6 8. O-O
Re8 9. Rd1 Bd7 10. b3 Bd6 11. Nc3 Nb4 12. Qb2 c5 13. Nb5 Bf8 14. Bf4 Nh5 15. Bg5
Qb6 16. a3 Nc6 17. a4 Nb4 18. g4 Nf6 19. Ne5 Bxb5 20. axb5 cxd4 21. Bxf6 gxf6
22. Nd7 Qd8 23. Nxf8 Rxf8 24. Rxd4 Rc8 25. Rad1 Qe7 26. R4d2 dxc4 27. bxc4 e5
28. Rd7 Qe6 29. h3 Qxc4 30. Bxb7 Rc7 31. Rxc7 Qxc7 32. Be4 Qc4 33. Bd3 Nxd3 34.
Rxd3 Rb8 35. b6 Qc6 36. Rb3 a4 37. Rb4 a3 38. Qxa3 Rxb6 39. Rxb6 Qxb6 40. Qa8+
Kg7 41. Qe4 Qc5 42. Kg2 Qc1 43. e3 h6 44. h4 Qd1 45. Qf5 Qd5+ 46. Kh2 Qd1 47.
Qe4 Qe1 48. Kg2 Qd1 49. Qf3 Qe1 50. Qf5 Qa1 51. g5 hxg5 52. hxg5 fxg5 53. Qxg5+
Kf8 54. Qf6 Qa8+ 55. Kg3 Qe4 56. Qh8+ Ke7 57. Qh4+ Qxh4+ 58. Kxh4 e4 59. Kg5 Ke6
60. Kf4 f5 61. Kg5 Ke5 62. Kh6 f4 63. Kg5 fxe3 64. fxe3 Ke6 65. Kf4 Kf6 66. Kxe4
Ke6 67. Kd4 Kd6 68. e4 Ke6 69. e5 Ke7 70. Kd5 Kd7 71. e6+ Ke7 72. Ke5 Ke8 1/2-1/2

[Event "15th ch-Euro Seniors 2015"]
[Site "Eretria GRE"]
[Date "2015.05.06"]
[Round "8.5"]
[White "Kasoshvili, Tsiala"]
[Black "Berkovich, Mark A"]
[Result "0-1"]
[WhiteTitle "WIM"]
[BlackTitle "IM"]
[WhiteElo "2179"]
[BlackElo "2363"]
[WhiteFideId "13600354"]
[BlackFideId "2801639"]
[EventDate "2015.04.29"]

1. d4 Nf6 2. Nf3 b6 3. g3 Bb7 4. Bg2 g6 5. O-O Bg7 6. c4 O-O 7. Nc3 Ne4 8. Nd5
e6 9. Nf4 d5 10. cxd5 exd5 11. Qc2 Nd7 12. Rd1 Re8 13. Nd3 c5 14. dxc5 bxc5 15.
Nf4 Ndf6 16. Nd2 Nxf2 17. Kxf2 Ng4+ 18. Ke1 Ne3 19. Qb3 Rb8 20. Bf3 Bc6 21. Qd3
Ba4 22. Nxd5 Bc2 23. Qa3 Nxd5 24. Qxc5 Bxd1 25. Kxd1 Ne3+ 26. Ke1 Rc8 27. Bc6
Re6 28. Ne4 Qd1+ 29. Kf2 Rexc6 30. Bxe3 Qxa1 31. Qxa7 Qxb2 0-1

[Event "15th ch-Euro Seniors 2015"]
[Site "Eretria GRE"]
[Date "2015.05.07"]
[Round "9.1"]
[White "Sturua, Zurab"]
[Black "Smolin, Sergey1"]
[Result "1-0"]
[WhiteTitle "GM"]
[BlackTitle "IM"]
[WhiteElo "2536"]
[BlackElo "2272"]
[WhiteFideId "13600095"]
[BlackFideId "4131177"]
[EventDate "2015.04.29"]

1. d4 Nf6 2. Nf3 g6 3. c4 c5 4. Nc3 Bg7 5. e4 O-O 6. Be2 Na6 7. O-O d6 8. d5 Nc7
9. h3 b5 10. cxb5 a6 11. bxa6 Bxa6 12. Re1 Nd7 13. Bf4 Nb6 14. Qc2 Qd7 15. Rad1
Bxe2 16. Rxe2 Nb5 17. Nxb5 Qxb5 18. b3 Rfc8 19. e5 Qd7 20. Qe4 Rc7 21. Qe3 Rca7
22. a4 Qd8 23. Bh6 Bh8 24. exd6 Qxd6 25. Bf4 Nxd5 26. Bxd6 Nxe3 27. Rxe3 exd6
28. Rxd6 Rc7 29. Red3 h6 30. Rd8+ Rxd8 31. Rxd8+ Kh7 32. Nd2 Rb7 33. Rd3 Bd4 34.
Kf1 Kg7 35. Nf3 Bf6 36. Ke2 Rb4 37. Nd2 Bd4 38. Nc4 Kf6 39. a5 Ke6 40. a6 Rb8
41. Rd2 Ra8 42. Ra2 Ra7 43. Kd3 Kd5 44. Ra5 Bxf2 45. b4 Be1 1-0

[Event "15th ch-Euro Seniors 2015"]
[Site "Eretria GRE"]
[Date "2015.05.07"]
[Round "9.5"]
[White "Furman, Boris"]
[Black "Petran, Peter"]
[Result "1-0"]
[WhiteTitle "FM"]
[BlackTitle "IM"]
[WhiteElo "2217"]
[BlackElo "2352"]
[WhiteFideId "4107187"]
[BlackFideId "14900114"]
[EventDate "2015.04.29"]

1. d4 g6 2. c4 Bg7 3. Nc3 d6 4. Nf3 c6 5. Bg5 h6 6. Bf4 g5 7. Be3 f5 8. h4 g4 9.
Nd2 e5 10. dxe5 dxe5 11. g3 Be6 12. Qc2 Nd7 13. Nb3 b6 14. Bg2 Rc8 15. O-O-O Qc7
16. c5 Bf8 17. Rd2 Ngf6 18. Rhd1 Kf7 19. f4 gxf3 20. exf3 Rg8 21. Bh3 Rxg3 22.
Bxf5 Rxf3 23. Bxe6+ Kxe6 24. Qg6 Nxc5 25. Bxc5 bxc5 26. Ne4 Be7 27. Nbxc5+ Bxc5
28. Nxc5+ Ke7 29. Qg7+ Ke8 30. Rd7 Nxd7 31. Rxd7 Rf1+ 32. Kc2 Rf2+ 33. Kd1 Rd2+
34. Kxd2 Qa5+ 35. Kd1 1-0